000 00319nam a2200133Ia 4500
008 231217s9999 xx 000 0 und d
041 _aEnglish
082 _a670.423 TEJ.2;1
100 _aTejwani, V K.
245 0 _aBasic machine shop practice V.2
260 _c1989
_bMcGraw-Hill,
300 _a254
942 _cAA
999 _c161470
_d161470